000 00864nam a2200193Ii 4500
003 JO-AjNU
008 230605s9999||||xx |||||||||||||| ||und||
040 _aJO-AjNU
_bara
_erda
_cJO-AjNU
041 _aara
050 1 4 _aK3263.2013
100 3 _aإعداد أحمد جاد منصور,
_eauthor
_952063
245 0 0 _a ضمانات الحق في حرمة الحياة الخاصة : في المواثيق الدولية لحقوق الإنسان والقوانين الوطنية
264 3 1 _aالقاهرة : المنظمة العربية للتنمية الإدارية ، 2013
300 _a143ص
_bيشتمل على مراجع ببلوغرافية ص (137-143)
336 _atext
_btxt
_2rdacontent
337 _aunmediated
_bn
_2rdamedia
338 _avolume
_bnc
_2rdacarrier
650 4 _aالخصوصية -- قوانين وتشريعات -- مصر
_952064
999 _aA23040
_c26608
_d26608